00343 a2200109 4500001001000000005001700010008004100027245005100068100002100119700002200140773007100162ART_4348320260410162024.0260409a 10aEmployer demand for welfare recipients by race1 aHolzer, Harry J.1 aStoll, Michael A.0 tJournal of labor economicsg- Vol. 21, NÂș 1 (ene. 2003)wREV43438